Statystyki dla Zgadnij kolędę po kawałku tekstu

Kliknij tutaj aby rozwiązać quiz!

Ogólne statystyki

  • Ten quiz został rozwiązany 201 razy
  • Średni wynik to 5 z 11

Statystyki odpowiedzi

HintOdpowiedź% Poprawnych
Śpiewajcie i grajcie mu małemu, małemuOj, maluśki, maluśki
59%
Choć w stajeneczce, choć w stajeneczce Panna Syna rodziDzisiaj w Betlejem
53%
Gloria, gloria, gloria in excelsis DeoGdy się Chrystus rodzi
49%
dom nasz i majętność całą,
i wszystkie wioski z miastami!
Bóg się rodzi
46%
Bo uboga była, rąbek z głowy zdjęłaJezus malusieńki
45%
Coś się narodził tej nocy,
byś nas wyrwał z czarta mocy.
Pójdźmy wszyscy do stajenki
44%
Pastuszkowie, przybywajcie,
Jemu wdzięcznie przygrywajcie
W żłobie leży
38%
Sypcie się z Nieba, śliczni Aniołowie,
śpiewajcie Panu, niebiescy duchowie
Gdy śliczna Panna
36%
Czem prędzej się wybierajcie,
do Betlejem pośpieszajcie
Wśród nocnej ciszy
36%
Pastuszkowie od swych trzód
biegną wielce zadziwieni
Cicha noc
35%
Oto Mu się wół i osioł kłaniają,
Trzej Królowie podarunki oddają.
Przybieżeli do Betlejem pasterze
32%

Rozkład punktacji

Percentyl według liczby udzielonych odpowiedzi

Procent ludzi z każdym wynikiem

Twoja historia wyników

Nie rozwiązałeś tego quizu